000 00536nam a2200169 i 4500
001 30627
003 ES-MaACL
005 20230906154228.0
007 t|
008 030127s1958 sp ||||1| spa d
100 1 _aBeltrán Manrique, Enrique.
_927370
245 1 0 _aAlmazora
_b: ; El mijares : narración histórica /
_cEnrique Beltrán Manrique.
260 _aCastellón de la Plana :
_b[s.n.,
_c1958] (
_fHijos de F. Armengot)
300 _a458 p. :
_bil. ;
_c24 cm.
740 3 _aEl Mijares.
852 _aES-MaACL
_jC-16092
_bR.43997
999 _c30627
_d30627